Texas Chainsaw Massacre - Filmreihe - Statistiken

Allgemein
  • Dieses Quiz wurde 10 mal gespielt
  • Das Durchschnittsergebnis liegt bei 5 aus 9
Antwortstatistiken
Jahr Titel % Korrekt
2013 Texas Chainsaw 3D
100%
1974 Blutgericht in Texas
67%
1990 Leatherface: Texas Chainsaw Massacre 3
67%
2003 Michael Bay’s Texas Chainsaw Massacre
67%
2022 Texas Chainsaw Massacre
67%
1986 Texas Chainsaw Massacre 2
67%
2017 Leatherface
33%
1995 Texas Chainsaw Massacre – Die Rückkehr
33%
2006 Texas Chainsaw Massacre: The Beginning
33%
Keine übereinstimmenden Quizze gefunden
Verteilung der Resultate
Anzahl Personen mit jedem Resultat
Perzentil nach korrekt beantworteten Fragen
Ihre Resultats-Entwicklung
Sie haben dieses Quiz noch nicht gespielt